| 000 | 00572nam a22001937a 4500 | ||
|---|---|---|---|
| 003 | OSt | ||
| 005 | 20230712040623.0 | ||
| 008 | 230712b |||||||| |||| 00| 0 eng d | ||
| 020 | _a9966936084 | ||
| 040 |
_aMMU _beng _cMMU _dMMU |
||
| 050 | _aPN1995 .R69 2010 | ||
| 100 | _4Rowe Julisa | ||
| 245 |
_aDramatising scripture: _ba step by step guide to bringing the word alive / _cJulisa Rowe |
||
| 260 |
_aNairobi : _bDayster University, _c2010 |
||
| 300 |
_a50 p.: _bill.; |
||
| 500 | _aIncludes bibliography | ||
| 650 | _aDramatising scripture | ||
| 942 |
_2lcc _cLOAN LOAN |
||
| 999 |
_c32685 _d32682 |
||